|
|
|
|
| LEADER |
01554nam a2200409 i 4500 |
| 001 |
EBC2085981 |
| 003 |
MiAaPQ |
| 005 |
20200124083732.0 |
| 006 |
m o d | |
| 007 |
cr cnu|||||||| |
| 008 |
200124s2014 be o 000 0 fre d |
| 020 |
|
|
|z 9782874962257
|
| 020 |
|
|
|a 9782511014202
|q (electronic bk.)
|
| 035 |
|
|
|a (MiAaPQ)EBC2085981
|
| 035 |
|
|
|a (Au-PeEL)EBL2085981
|
| 035 |
|
|
|a (OCoLC)894042897
|
| 040 |
|
|
|a MiAaPQ
|b eng
|e rda
|e pn
|c MiAaPQ
|d MiAaPQ
|
| 050 |
|
4 |
|a HF5625
|b .P378 2014
|
| 082 |
0 |
|
|a 657
|2 23
|
| 100 |
1 |
|
|a Paquet, Marcel-Jean,
|e author.
|
| 245 |
1 |
0 |
|a Principes de base de la comptabilite /
|c Marcel-Jean Paquet.
|
| 264 |
|
1 |
|a Liege :
|b EdiPro,
|c [2014]
|
| 264 |
|
4 |
|c 2014
|
| 300 |
|
|
|a 1 online resource (1,108 pages).
|
| 336 |
|
|
|a text
|b txt
|2 rdacontent
|
| 337 |
|
|
|a computer
|b c
|2 rdamedia
|
| 338 |
|
|
|a online resource
|b cr
|2 rdacarrier
|
| 490 |
1 |
|
|a Guide Pratique
|
| 588 |
|
|
|a Description based on print version record.
|
| 590 |
|
|
|a Electronic reproduction. Ann Arbor, MI : ProQuest, 2018. Available via World Wide Web. Access may be limited to ProQuest affiliated libraries.
|
| 650 |
|
0 |
|a Accounting
|v Textbooks.
|
| 650 |
|
0 |
|a Accounting
|x Methodology.
|
| 655 |
|
4 |
|a Electronic books.
|
| 776 |
0 |
8 |
|i Print version:
|a Paquet, Marcel-Jean.
|t Principes de base de la comptabilite.
|d Liege : EdiPro, c2014
|h 1108 pages
|k Guide Pratique
|z 9782874962257
|
| 797 |
2 |
|
|a ProQuest (Firm)
|
| 830 |
|
0 |
|a Guide pratique.
|
| 856 |
4 |
0 |
|u https://ebookcentral.proquest.com/lib/matrademy/detail.action?docID=2085981
|z Click to View
|